Build your own electric bicycle / (Record no. 32867)

000 -LEADER
fixed length control field 01150cam a22003494a 4500
001 - CONTROL NUMBER
control field 16148344
003 - CONTROL NUMBER IDENTIFIER
control field OSt
005 - DATE AND TIME OF LATEST TRANSACTION
control field 20211111114316.0
008 - FIXED-LENGTH DATA ELEMENTS--GENERAL INFORMATION
fixed length control field 100323s2010 nyua b 001 0 eng
010 ## - LIBRARY OF CONGRESS CONTROL NUMBER
LC control number 2010009182
015 ## - NATIONAL BIBLIOGRAPHY NUMBER
National bibliography number GBB032934
Source bnb
016 7# - NATIONAL BIBLIOGRAPHIC AGENCY CONTROL NUMBER
Record control number 015499207
Source Uk
020 ## - INTERNATIONAL STANDARD BOOK NUMBER
International Standard Book Number 9780071606219 (alk. paper)
035 ## - SYSTEM CONTROL NUMBER
System control number (OCoLC)ocn466354638
038 ## - RECORD CONTENT LICENSOR
Staff Name Khadija
040 ## - CATALOGING SOURCE
Original cataloging agency DLC
Transcribing agency DLC
Modifying agency YDX
-- UKM
-- BTCTA
-- YDXCP
-- DPL
-- QBX
-- VP@
-- DLC
050 00 - LIBRARY OF CONGRESS CALL NUMBER
Classification number TL437.5.E44
Item number S595 2010
082 00 - DEWEY DECIMAL CLASSIFICATION NUMBER
Classification number 629.2272
Edition number 22
Author Mark SLI
100 1# - MAIN ENTRY--PERSONAL NAME
Personal name Slinn, Matthew.
9 (RLIN) 83886
245 10 - TITLE STATEMENT
Title Build your own electric bicycle /
Statement of responsibility, etc. Matthew Slinn.
260 ## - PUBLICATION, DISTRIBUTION, ETC.
Place of publication, distribution, etc. New York :
Name of publisher, distributor, etc. McGraw-Hill,
Date of publication, distribution, etc. c2010.
300 ## - PHYSICAL DESCRIPTION
Extent xiii, 258 p. :
Other physical details ill. ;
Dimensions 24 cm.
490 1# - SERIES STATEMENT
Series statement TAB green guru guides
504 ## - BIBLIOGRAPHY, ETC. NOTE
Bibliography, etc. note Includes bibliographical references (p. 245) and index.
563 ## - BINDING INFORMATION
Binding note PB
650 #0 - SUBJECT ADDED ENTRY--TOPICAL TERM
Topical term or geographic name entry element Electric bicycles.
9 (RLIN) 83887
650 #0 - SUBJECT ADDED ENTRY--TOPICAL TERM
Topical term or geographic name entry element Home-built motorcycles.
9 (RLIN) 83888
830 #0 - SERIES ADDED ENTRY--UNIFORM TITLE
Uniform title TAB green guru guides.
9 (RLIN) 83845
906 ## - LOCAL DATA ELEMENT F, LDF (RLIN)
a 7
b cbc
c orignew
d 1
e ecip
f 20
g y-gencatlg
942 ## - ADDED ENTRY ELEMENTS (KOHA)
Source of classification or shelving scheme
Koha item type Book
Holdings
Withdrawn status Lost status Source of classification or shelving scheme Damaged status Not for loan Permanent Location Current Location Shelving location Date acquired Full call number Barcode Date last seen Price effective from Koha item type
          School of Mechanical & Manufacturing Engineering (SMME) School of Mechanical & Manufacturing Engineering (SMME) General Stacks 12/04/2015 629.2272 SLI SMME-1818 03/29/2018 12/04/2015 Book
© 2023 Central Library, National University of Sciences and Technology. All Rights Reserved.